| Tag |
First Indicator |
Second Indicator |
Subfields |
| LEADER |
00000cam a2200000 a 4500 |
| 001 |
in00000007668 |
| 005 |
20151006060009.0 |
| 008 |
870708s1987 pau b 00110 eng |
| 010 |
|
|
|a 87019770
|
| 020 |
|
|
|a 0812280814
|
| 035 |
|
|
|a (OCoLC)16276299
|
| 035 |
|
|
|9 AAA2165AM
|
| 040 |
|
|
|a DLC
|c DLC
|d TXA
|d UtOrBLW
|
| 043 |
|
|
|a e-uk---
|
| 049 |
|
|
|a TXAM
|c [A12579258]
|
| 050 |
0 |
0 |
|a PR756.B56
|b E67 1987
|
| 082 |
0 |
|
|a 820/.9492
|2 19
|
| 100 |
1 |
|
|a Epstein, William H.
|
| 245 |
1 |
0 |
|a Recognizing biography /
|c William H. Epstein.
|
| 264 |
|
1 |
|a Philadelphia :
|b University of Pennsylvania Press,
|c [1987]
|
| 264 |
|
4 |
|c ©1987
|
| 300 |
|
|
|a x, 231 pages ;
|c 24 cm.
|
| 336 |
|
|
|a text
|b txt
|2 rdacontent
|
| 337 |
|
|
|a unmediated
|b n
|2 rdamedia
|
| 338 |
|
|
|a volume
|b nc
|2 rdacarrier
|
| 504 |
|
|
|a Bibliography: pages 173-214.
|
| 500 |
|
|
|a Includes index.
|
| 650 |
|
0 |
|a English prose literature
|x History and criticism.
|
| 650 |
|
0 |
|a Biography as a literary form.
|
| 999 |
|
|
|a MARS
|
| 999 |
f |
f |
|s 37aa6fde-f2fb-39dd-9bcb-93fab9313aa1
|i b3ffd9f3-f8ec-3873-8016-5f3dba97471f
|t 0
|
| 952 |
f |
f |
|p normal
|a Texas A&M University
|b College Station
|c Sterling C. Evans Library
|d Evans: Library Stacks
|t 0
|e PR756.B56 E67 1987
|h Library of Congress classification
|i unmediated -- volume
|m A14812579258
|
| 998 |
f |
f |
|a PR756.B56 E67 1987
|t 0
|l Evans: Library Stacks
|